THE AGE OF MARTYRS CHRISTIANITY FROM DIOCLETIAN TO CONSTANTINE

Gardado en:
Detalles Bibliográficos
Autor Principal: Ricciotti, Giuseppe (autor)
Formato: Libro
Etiquetas: Engadir etiqueta
Sen Etiquetas, Sexa o primeiro en etiquetar este rexistro!

MARC

LEADER 00000nam^a2200000^a^4500
001 000212046
005 20250521000000.0
009 20260310103443.676
035 |a 004675 
037 |a Acervo Xavier Clavigero 
082 |a 263.  |b RIC 
100 |a Ricciotti, Giuseppe  |e (autor) 
245 1 4 |a THE AGE OF MARTYRS CHRISTIANITY FROM DIOCLETIAN TO CONSTANTINE 
264 |a MILWAUKEE :  |b THE BRUCE PUBLISHING COMPANY,  |c 1959 
336 |a texto  |b txt  |2 rdacontenido 
337 |a sin mediación  |b n  |2 rdamedio 
338 |a volumen  |b nc  |2 rdasoporte 
649 |a XX 
910 |a Fondo General 
920 |a Impresos - Libros 
930 |a Colección General 
905 |a 101 
901 |a 004675  |b IT1  |c ACC  |u 20250521 
902 |a https://opac.biblio.iteso.mx/vufind/Record/000212046